000 00293nam a2200121Ia 4500
005 20251222144749.0
008 251222s9999||||xx |||||||||||||| ||spa||
082 _a985.012.2/C88
245 0 _aOro del Antiguo Perú
250 _a1ra.ed.
264 _bBanco de Crédito del Perú
942 _cLIB
999 _c19264
_d19264